Größte Städte Brasiliens - Statistiken

Allgemein
  • Dieses Quiz wurde 7.367 mal gespielt
  • Das Durchschnittsergebnis liegt bei 7 aus 20
Antwortstatistiken
Bevölkerung Stadt % Korrekt
6'453'682 Rio de Janeiro
99%
2'852'372 Brasília
95%
11'895'893 São Paulo
89%
2'491'109 Belo Horizonte
53%
2'020'301 Manaus
49%
1'608'488 Recife
39%
1'472'482 Porto Alegre
34%
2'902'927 Salvador
34%
2'571'896 Fortaleza
33%
1'432'844 Belém
32%
1'864'416 Curitiba
27%
862'044 Natal
19%
1'064'197 São Luís
16%
1'412'364 Goiânia
14%
1'154'617 Campinas
13%
853'622 Campo Grande
8%
1'005'319 Maceió
7%
1'312'197 Guarulhos
6%
1'031'903 São Gonçalo
5%
878'402 Duque de Caxias
4%
Keine übereinstimmenden Quizze gefunden
Verteilung der Resultate
Anzahl Personen mit jedem Resultat
Perzentil nach korrekt beantworteten Fragen
Ihre Resultats-Entwicklung
Sie haben dieses Quiz noch nicht gespielt